000 00545nam a2200157Ia 4500
008 230907s9999||||xx |||||||||||||| ||und||
082 _a621.3
_bUME
100 _aSyed Umer Bin Arif (00000170424)
_9116436
245 0 _aThermodynamic modeling and analysis of micro gas turbine as a range extender in electric vehicles with the evaluation of battery pack sizing /
260 _aUSPCAS-E, NUST,
_bIslamabad :
_c2019
300 _a77 p.
520 _aTH-138
650 _aMS-TEE Thesis MS Thesis
700 _aDr Adeel Javed
942 _cTHE
_2ddc
999 _c601817
_d601817